[Event "SK Sodingen/Castrop 3 - Rochade Steele/"]
[Site "Verbandsklasse, Gruppe 2 2017"]
[Date "2017.12.03"]
[Round "4.8"]
[White "Behnicke, Eckhard"]
[Black "Ghajar Koshravi, Ariaan"]
[Result "0-1"]
[WhiteElo "1703"]
[BlackElo "1829"]
[PlyCount "72"]
[EventDate "2017.??.??"]

1. b4 e6 2. Bb2 Nf6 3. a3 c5 4. bxc5 Bxc5 5. Nf3 Qb6 6. d4 Qxb2 7. Nbd2 Be7 8.
e3 Qc3 9. Qc1 d5 10. Bd3 O-O 11. O-O b6 12. Nb1 Qxa1 13. Nfd2 Bxa3 14. Nxa3
Qxc1 15. Rxc1 Ba6 16. c4 Nbd7 17. e4 dxc4 18. Naxc4 Rfc8 19. Ra1 Bxc4 20. Nxc4
Rc6 21. e5 Nd5 22. Nd6 Kf8 23. Bb5 Rc7 24. g3 Ke7 25. Ba6 Nb4 26. Be2 a5 27.
Kf1 f6 28. f4 fxe5 29. dxe5 Rf8 30. Kg1 g5 31. Nb5 Rc2 32. Bd1 Rc5 33. Ba4 gxf4
34. Nd4 f3 35. Rd1 Nxe5 36. Nb3 Rd5 0-1

[Event "SG Höntrop 1 - SF Brackel 2"]
[Site "Verbandsklasse, Gruppe 2 2017"]
[Date "2017.12.03"]
[Round "4.1"]
[White "Bree, Thomas"]
[Black "Oberbarnscheidt, Ludger"]
[Result "1/2-1/2"]
[WhiteElo "2010"]
[BlackElo "2032"]
[PlyCount "39"]
[EventDate "2017.??.??"]

1. d4 b6 2. c4 Bb7 3. Nc3 e6 4. a3 d6 5. d5 g6 6. Nf3 Bg7 7. Qc2 Ne7 8. e4 Nd7
9. h4 h6 10. Be2 c6 11. Bf4 cxd5 12. cxd5 exd5 13. exd5 O-O 14. Bxd6 Re8 15.
O-O Nxd5 16. Nxd5 Bxd5 17. Rfd1 Bb3 18. Qxb3 Rxe2 19. Rab1 Qe8 20. Bb4 1/2-1/2

[Event "SG Höntrop 1 - SF Brackel 2"]
[Site "Verbandsklasse, Gruppe 2 2017"]
[Date "2017.12.03"]
[Round "4.2"]
[White "Rostek, Joerg"]
[Black "Al Tarboush, Hussam"]
[Result "1/2-1/2"]
[WhiteElo "1954"]
[BlackElo "1996"]
[PlyCount "75"]
[EventDate "2017.??.??"]

1. e4 c6 2. d4 d5 3. exd5 cxd5 4. Bd3 Nc6 5. c3 Nf6 6. Bf4 e6 7. Nf3 Bd6 8.
Bxd6 Qxd6 9. O-O O-O 10. Re1 Qf4 11. Qd2 Qxd2 12. Nbxd2 a6 13. Ne5 Nd7 14. Ndf3
Ndxe5 15. Nxe5 Nxe5 16. Rxe5 b5 17. a3 g6 18. f4 h5 19. g3 Bd7 20. Re2 Kg7 21.
Kf2 Rfc8 22. Ke3 Rab8 23. Kd2 a5 24. b4 Ra8 25. Ree1 Rc7 26. Kc2 Rac8 27. bxa5
Rxc3+ 28. Kd2 Rb3 29. Reb1 Rbc3 30. Rc1 Rxc1 31. Rxc1 Ra8 32. Rc7 Be8 33. a6
Rxa6 34. Rc8 Bd7 35. Rc7 Be8 36. Rc8 Bd7 37. Rc7 Be8 38. Rc8 1/2-1/2

[Event "SG Höntrop 1 - SF Brackel 2"]
[Site "Verbandsklasse, Gruppe 2 2017"]
[Date "2017.12.03"]
[Round "4.3"]
[White "Borchert, Louis"]
[Black "Drzasga, Michael"]
[Result "1/2-1/2"]
[WhiteElo "1960"]
[BlackElo "1983"]
[PlyCount "74"]
[EventDate "2017.??.??"]

1. e4 e6 2. Nf3 d5 3. Nc3 Nf6 4. e5 Nfd7 5. d4 c5 6. dxc5 Bxc5 7. Bd3 Nc6 8.
Bf4 a6 9. O-O Qc7 10. Bg3 Ndxe5 11. Nxe5 Nxe5 12. Qh5 Bd6 13. Nxd5 Qc5 14. Bxe5
Qxd5 15. Rfe1 Bxe5 16. Rxe5 Qd4 17. Rae1 Qxb2 18. Qg5 O-O 19. Qh4 f5 20. Qc4 b5
21. Qc6 Rb8 22. a4 bxa4 23. Qxa4 Kh8 24. Bxa6 Bxa6 25. Qxa6 Qxe5 26. Rxe5 Rb1+
27. Qf1 Rxf1+ 28. Kxf1 Re8 29. f4 Kg8 30. Ke2 Kf7 31. Rc5 Rd8 32. Rc7+ Kf6 33.
c4 h6 34. h4 g5 35. hxg5+ hxg5 36. g3 gxf4 37. gxf4 Rd4 1/2-1/2

[Event "SG Höntrop 1 - SF Brackel 2"]
[Site "Verbandsklasse, Gruppe 2 2017"]
[Date "2017.12.03"]
[Round "4.4"]
[White "Jedner, Volker"]
[Black "Althoff, Ralph"]
[Result "0-1"]
[WhiteElo "1832"]
[BlackElo "1994"]
[PlyCount "80"]
[EventDate "2017.??.??"]

1. d4 d5 2. Nf3 Nf6 3. Bg5 e6 4. e3 Nbd7 5. Be2 Be7 6. O-O O-O 7. c4 c6 8. Nc3
Re8 9. Rc1 a6 10. a4 Ne4 11. Bf4 Ndf6 12. cxd5 exd5 13. Bd3 Bg4 14. h3 Bh5 15.
Qc2 Bxf3 16. gxf3 Nd6 17. Be5 g6 18. Kh2 Nd7 19. Rg1 Nf8 20. f4 Bf6 21. f5
Bxe5+ 22. dxe5 Rxe5 23. fxg6 fxg6 24. Ne2 Qf6 25. Nf4 Nf5 26. Rg4 Rae8 27. Rcg1
Kh8 28. Nh5 Qf7 29. Nf4 Qf6 30. Nh5 Qf7 31. Nf4 R8e7 32. Rg5 Nd4 33. Qd1 Rxg5
34. Rxg5 Nde6 35. Rg4 Nc5 36. Bxg6 Nxg6 37. Qd4+ Ne5 38. Rg2 Ncd7 39. Nd3 Qf6
40. Nxe5 Qxe5+ 0-1

[Event "SG Höntrop 1 - SF Brackel 2"]
[Site "Verbandsklasse, Gruppe 2 2017"]
[Date "2017.12.03"]
[Round "4.5"]
[White "Schwiddessen, Jan"]
[Black "Koch, Burkhard"]
[Result "1-0"]
[WhiteElo "1900"]
[BlackElo "1769"]
[PlyCount "79"]
[EventDate "2017.??.??"]

1. e4 e6 2. d4 d5 3. Nd2 c5 4. Ngf3 Nf6 5. e5 Nfd7 6. c3 Nc6 7. Bd3 Be7 8. O-O
Qb6 9. Re1 cxd4 10. cxd4 Nf8 11. Nf1 Bd7 12. Bb1 Ng6 13. Re3 Rc8 14. Rb3 Qc7
15. Bd2 O-O 16. h4 f5 17. h5 Nh8 18. Ng3 Nf7 19. Ne2 Ncd8 20. a4 Nh6 21. Nf4
Ndf7 22. Bd3 Ng5 23. Nxg5 Bxg5 24. Nxe6 Bxe6 25. Bxg5 Nf7 26. Bd2 a6 27. Bb4
Rfe8 28. Bc5 Ng5 29. f3 Qf7 30. Qc1 Qxh5 31. Rxb7 Rf8 32. Qf4 Rf7 33. Rxf7 Nxf7
34. Bxa6 g5 35. Qh2 Qxh2+ 36. Kxh2 Rc6 37. Bb5 Rc8 38. a5 Nxe5 39. dxe5 Rxc5
40. a6 1-0

[Event "SG Höntrop 1 - SF Brackel 2"]
[Site "Verbandsklasse, Gruppe 2 2017"]
[Date "2017.12.03"]
[Round "4.6"]
[White "Artz, Klaus"]
[Black "Bense, Dirk"]
[Result "0-1"]
[WhiteElo "1844"]
[BlackElo "1914"]
[PlyCount "70"]
[EventDate "2017.??.??"]

1. e4 c5 2. Nf3 d6 3. d4 cxd4 4. Nxd4 Nf6 5. Nc3 a6 6. a4 e6 7. Be2 Be7 8. O-O
O-O 9. Kh1 Qc7 10. f4 Bd7 11. Bf3 Nc6 12. Nb3 Rac8 13. Be3 Nb4 14. g4 d5 15. e5
Ne4 16. Bxe4 dxe4 17. a5 Bb5 18. Nxb5 axb5 19. c3 Nd5 20. Bd4 f5 21. g5 Qc4 22.
Nc1 Rfd8 23. Qe2 Qc6 24. Nb3 Qc4 25. Qxc4 bxc4 26. Nd2 Bc5 27. Bxc5 Rxc5 28.
Ra4 e3 29. Nf3 e2 30. Re1 Nxf4 31. Nd4 Rxe5 32. Rxc4 Re4 33. Rc7 e5 34. Nxe2
Rxe2 35. Rxe2 Rd1+ 0-1

[Event "SG Höntrop 1 - SF Brackel 2"]
[Site "Verbandsklasse, Gruppe 2 2017"]
[Date "2017.12.03"]
[Round "4.8"]
[White "Geistmeier, Frank"]
[Black "Buechle, Manfred"]
[Result "0-1"]
[WhiteElo "1738"]
[BlackElo "1796"]
[PlyCount "164"]
[EventDate "2017.??.??"]

1. d4 d5 2. Nf3 c6 3. Bf4 Bf5 4. e3 Nf6 5. Bd3 Bxd3 6. Qxd3 Nbd7 7. Nbd2 e6 8.
O-O Be7 9. h3 O-O 10. c4 c5 11. Bh2 Rc8 12. Rac1 cxd4 13. exd4 dxc4 14. Nxc4
Nb6 15. Nce5 Qd5 16. b3 h6 17. Nc4 Nbd7 18. Nfe5 Nxe5 19. Bxe5 Rfd8 20. Qg3 Nh5
21. Qg4 Nf6 22. Qg3 Nh5 23. Qg4 Nf6 24. Qg3 Ne8 25. Rcd1 b5 26. Ne3 Qe4 27.
Rfe1 Bb4 28. Rf1 f6 29. Bf4 g5 30. Ng4 Qxf4 31. Qd3 Kg7 32. Qxb5 Bd6 33. g3 Qf3
34. Nh2 Qc6 35. Qe2 Qd5 36. Rfe1 Bb4 37. Rf1 Rc3 38. Qh5 Qf5 39. Qe2 a5 40. Ng4
Rc2 41. Qa6 Rc7 42. Kh2 Rcd7 43. Ne3 Qe4 44. Nc4 Nc7 45. Qb6 Nd5 46. Qa6 Nc7
47. Qb6 Qd5 48. a3 Bf8 49. Rfe1 Qb5 50. Qxa5 Qxa5 51. Nxa5 Bxa3 52. Nc6 Re8 53.
Rd3 Rd6 54. Rc3 Nd5 55. Rc4 Nb6 56. Rc2 Rc8 57. Ra2 Rcxc6 58. Rxa3 Rxd4 59.
Ra7+ Kg6 60. Re7 e5 61. g4 Rd7 62. Re8 Rc8 63. Re6 Nd5 64. R1xe5 Nf4 65. Rb6
Rc3 66. Re3 Rdd3 67. Rxd3 Rxd3 68. b4 Rxh3+ 69. Kg1 Rh4 70. f3 Rh3 71. Kf2 Rh2+
72. Kg1 Rb2 73. Rb8 Ne2+ 74. Kf2 Nc1+ 75. Kg3 Nd3 76. b5 Ne5 77. Rg8+ Kf7 78.
Rh8 Rxb5 79. Rxh6 Rb3 80. Rh7+ Kg6 81. Re7 Rxf3+ 82. Kg2 Rf4 0-1

[Event "SV Günnigfeld 1 - SV Horst-Emscher 2"]
[Site "Verbandsklasse, Gruppe 2 2017"]
[Date "2017.12.03"]
[Round "4.1"]
[White "Patzer, Joerg"]
[Black "Freisen, Thomas"]
[Result "1/2-1/2"]
[WhiteElo "1887"]
[BlackElo "2000"]
[PlyCount "27"]
[EventDate "2017.??.??"]

1. f4 Nf6 2. Nf3 d6 3. e3 g6 4. b3 Bg7 5. Bb2 c5 6. Bb5+ Nbd7 7. O-O O-O 8. a4
a6 9. Be2 b6 10. Qe1 e6 11. d3 Nd5 12. Bxg7 Kxg7 13. Qd2 Bb7 14. Nc3 1/2-1/2

[Event "SV Günnigfeld 1 - SV Horst-Emscher 2"]
[Site "Verbandsklasse, Gruppe 2 2017"]
[Date "2017.12.03"]
[Round "4.2"]
[White "Kuekenbrink, Christopher"]
[Black "Rebentisch, Tom"]
[Result "1-0"]
[WhiteElo "1897"]
[BlackElo "1914"]
[PlyCount "125"]
[EventDate "2017.??.??"]

1. d4 d5 2. c4 e6 3. Nf3 Nf6 4. g3 Nbd7 5. Bg2 Be7 6. O-O O-O 7. Qc2 c5 8. cxd5
Nxd5 9. a3 cxd4 10. Nxd4 N7b6 11. Rd1 Bd7 12. e4 Nf6 13. Nc3 Rc8 14. Qe2 e5 15.
Nf5 Qe8 16. Bg5 Rc6 17. Nb5 h6 18. Bxf6 Rxf6 19. Nxe7+ Qxe7 20. Nxa7 Ra8 21.
Nb5 Qc5 22. Nc3 Rc6 23. Nd5 Be6 24. b4 Qf8 25. Qb5 Bxd5 26. exd5 Rd6 27. a4 Qb8
28. a5 Nd7 29. Bh3 Nf6 30. Rac1 Rd8 31. Bg2 Rd6 32. Bh3 Rd8 33. Bg2 Rd6 34. Rd3
e4 35. Rd4 Qa7 36. Qc5 Qxc5 37. Rxc5 b6 38. Rc6 Rxd5 39. Rxd5 Nxd5 40. Bxe4
bxa5 41. Bxd5 axb4 42. Rb6 Rd8 43. Bb3 Rd7 44. Rxb4 g6 45. h4 Kg7 46. Kg2 g5
47. Bc2 Rd6 48. Rb5 gxh4 49. gxh4 Rd4 50. Kg3 Rc4 51. Bb1 Rc1 52. Be4 Rc3+ 53.
Kf4 Rh3 54. Kg4 Ra3 55. Kh5 Ra4 56. f3 Rc4 57. Kg4 Ra4 58. Kf5 Rc4 59. Rd5 Ra4
60. Rd7 Ra6 61. Bd5 Rf6+ 62. Ke5 Kg6 63. Rxf7 1-0

[Event "SV Günnigfeld 1 - SV Horst-Emscher 2"]
[Site "Verbandsklasse, Gruppe 2 2017"]
[Date "2017.12.03"]
[Round "4.3"]
[White "Tobczewski, Peter"]
[Black "Markus, Peter"]
[Result "0-1"]
[WhiteElo "1833"]
[BlackElo "1935"]
[PlyCount "70"]
[EventDate "2017.??.??"]

1. d4 Nf6 2. Nf3 d5 3. Bf4 c5 4. e3 Nc6 5. c3 e6 6. Nbd2 Nh5 7. Bg5 Qb6 8. Rb1
h6 9. Bh4 g5 10. Ne5 Nxe5 11. Qxh5 Ng6 12. Bg3 cxd4 13. exd4 e5 14. dxe5 Bf5
15. Rc1 Qxb2 16. Qd1 Ba3 17. Nb3 O-O 18. Bd3 Bxd3 19. Qxd3 Qxa2 20. Rb1 Rfe8
21. O-O Nxe5 22. Qxd5 Rad8 23. Qa5 Nc4 24. Qb5 Nd2 25. Nxd2 Qxd2 26. Qxb7 Qxc3
27. Qxa7 Bc5 28. Qb7 Re7 29. Qa6 Re6 30. Qa4 Rde8 31. Qg4 Re4 32. Qh5 Kg7 33.
Rb7 R8e7 34. Rxe7 Rxe7 35. h4 Qxg3 0-1

[Event "SV Günnigfeld 1 - SV Horst-Emscher 2"]
[Site "Verbandsklasse, Gruppe 2 2017"]
[Date "2017.12.03"]
[Round "4.4"]
[White "Radi, Guenter"]
[Black "Hiebsch, Catalina"]
[Result "1-0"]
[WhiteElo "1891"]
[BlackElo "1798"]
[PlyCount "91"]
[EventDate "2017.??.??"]

1. d4 d5 2. Nf3 Nf6 3. c4 c6 4. e3 e6 5. Nc3 Be7 6. Bd3 O-O 7. O-O Nbd7 8. Bd2
b6 9. cxd5 cxd5 10. Rc1 Bb7 11. Qe2 Ne4 12. Rc2 Rc8 13. Rfc1 Nxc3 14. Bxc3 Nf6
15. Ba6 Bxa6 16. Qxa6 Rc7 17. Be1 Rxc2 18. Rxc2 Qa8 19. Rc7 Bd8 20. Rxa7 Qc6
21. Qd3 Qc1 22. Qc3 Qb1 23. Ne5 Ne4 24. Qb4 Bf6 25. f3 Bxe5 26. fxe4 Bd6 27.
Qc3 dxe4 28. a3 h6 29. Rd7 Bb8 30. g3 e5 31. d5 f5 32. Kf2 f4 33. exf4 Qd3 34.
Qxd3 exd3 35. Ke3 exf4+ 36. Kxd3 f3 37. Bf2 Be5 38. b4 Bb2 39. Ra7 Re8 40. d6
Rd8 41. d7 Bf6 42. Bxb6 Rb8 43. Bc5 Rd8 44. Ke3 Kf7 45. Kxf3 Ke6 46. Ke4 1-0

[Event "SV Günnigfeld 1 - SV Horst-Emscher 2"]
[Site "Verbandsklasse, Gruppe 2 2017"]
[Date "2017.12.03"]
[Round "4.5"]
[White "Verfuerth, Christian"]
[Black "Funke, Eckhard"]
[Result "0-1"]
[WhiteElo "1877"]
[BlackElo "1764"]
[PlyCount "106"]
[EventDate "2017.??.??"]

1. d4 d5 2. Nf3 Nf6 3. e3 e6 4. Bd3 b6 5. O-O Bd6 6. b3 O-O 7. Bb2 Ba6 8. c4
dxc4 9. bxc4 Bb7 10. Nbd2 Bb4 11. a3 Bxd2 12. Qxd2 Be4 13. Bxe4 Nxe4 14. Qc2
Nf6 15. Rad1 c6 16. Ne5 Qc7 17. f4 Nbd7 18. Nxd7 Nxd7 19. e4 Rac8 20. Qf2 f5
21. e5 Rfd8 22. Qc2 Nf8 23. Qb3 b5 24. cxb5 Qb7 25. a4 cxb5 26. Qxb5 Qxb5 27.
axb5 Rb8 28. Ba3 Rxb5 29. Bc5 a5 30. Rb1 Rdb8 31. Rxb5 Rxb5 32. Rc1 Nd7 33. Ba7
Rb7 34. Bc5 Rc7 35. Kf2 Nb6 36. Ba3 Rxc1 37. Bxc1 Kf7 38. Ke2 Ke8 39. Kd3 Kd7
40. Bd2 a4 41. Bc1 Kc6 42. g3 Kd5 43. Bb2 Nc4 44. Bc3 Na3 45. Ba1 Nb5 46. h3 h5
47. Ke3 Kc4 48. g4 hxg4 49. hxg4 g6 50. gxf5 gxf5 51. Bb2 Nc7 52. Ba1 Nd5+ 53.
Kf3 a3 0-1

[Event "SV Günnigfeld 1 - SV Horst-Emscher 2"]
[Site "Verbandsklasse, Gruppe 2 2017"]
[Date "2017.12.03"]
[Round "4.6"]
[White "Bender, Markus"]
[Black "Schreiner, Paulo"]
[Result "0-1"]
[WhiteElo "1808"]
[BlackElo "1790"]
[PlyCount "102"]
[EventDate "2017.??.??"]

1. e4 e6 2. d4 d5 3. Nd2 Nf6 4. Bd3 c5 5. c3 Nc6 6. Ne2 cxd4 7. cxd4 dxe4 8.
Nxe4 Nxe4 9. Bxe4 Bb4+ 10. Bd2 Qa5 11. Bxc6+ bxc6 12. Bxb4 Qxb4+ 13. Qd2 Qxd2+
14. Kxd2 Bb7 15. Rac1 Ke7 16. Ke3 Rhd8 17. Nc3 Rd6 18. Ne4 Rd5 19. Rc5 Rad8 20.
Rxd5 Rxd5 21. Rc1 a5 22. Rc5 Kd7 23. Kd3 Ba6+ 24. Kc3 Bb5 25. f4 Rxc5+ 26. dxc5
f6 27. Kd4 Bf1 28. g4 h6 29. g5 hxg5 30. fxg5 e5+ 31. Ke3 f5 32. Nd6 Ke6 33. h4
f4+ 34. Kf3 g6 35. b3 Kd5 36. Ne8 Kxc5 37. h5 gxh5 38. g6 Bh3 39. g7 Be6 40.
Nf6 Kb4 41. Nxh5 Bd5+ 42. Kf2 Ka3 43. Nf6 Bf7 44. Kf3 Kxa2 45. Ke4 Kxb3 46. Ng4
Bd5+ 47. Kxe5 a4 48. Nf6 Bf7 49. Ne4 a3 50. Kf6 Bg8 51. Nc5+ Kc2 0-1

[Event "SV Günnigfeld 1 - SV Horst-Emscher 2"]
[Site "Verbandsklasse, Gruppe 2 2017"]
[Date "2017.12.03"]
[Round "4.7"]
[White "Rebentisch, Sebastian"]
[Black "Brinkmann, Uwe"]
[Result "1/2-1/2"]
[WhiteElo "1762"]
[BlackElo "1932"]
[PlyCount "67"]
[EventDate "2017.??.??"]

1. e4 e5 2. Nf3 d6 3. Bc4 c6 4. c3 Nd7 5. O-O Be7 6. d4 Ngf6 7. Re1 O-O 8. Nbd2
Qc7 9. Bb3 h6 10. Nf1 Re8 11. Ng3 Nf8 12. Nh4 Be6 13. Nhf5 Bxf5 14. Nxf5 Ng6
15. h4 Bf8 16. h5 Nf4 17. Bxf4 exf4 18. Qf3 Kh7 19. Bc2 Nxh5 20. Qxh5 g6 21.
Qh3 gxf5 22. Qxf5+ Kg8 23. e5 Bg7 24. e6 fxe6 25. Rxe6 d5 26. Rae1 Rxe6 27.
Rxe6 Qf7 28. Qxf7+ Kxf7 29. Bf5 Re8 30. Rxe8 Kxe8 31. Kf1 Kd8 32. Ke2 Bf6 33.
Kf3 Bh4 34. b3 1/2-1/2

[Event "SV Günnigfeld 1 - SV Horst-Emscher 2"]
[Site "Verbandsklasse, Gruppe 2 2017"]
[Date "2017.12.03"]
[Round "4.8"]
[White "Brandhoff, Gerd"]
[Black "Karabueguel, Okan"]
[Result "1-0"]
[WhiteElo "1804"]
[BlackElo "1704"]
[PlyCount "55"]
[EventDate "2017.??.??"]

1. e4 e5 2. Nf3 Nc6 3. d4 exd4 4. Bc4 Bc5 5. c3 Nf6 6. e5 d5 7. Bb5 Ne4 8. cxd4
Bb4+ 9. Bd2 Nxd2 10. Nbxd2 Bg4 11. Qb3 O-O 12. Bxc6 Bxd2+ 13. Nxd2 bxc6 14. Qc3
Rb8 15. Nb3 Rb6 16. O-O Qe7 17. Rac1 Rfb8 18. f3 Bd7 19. Rf2 Rb4 20. f4 R8b5
21. f5 Qf8 22. Nc5 Rc4 23. Qe3 Rbxc5 24. dxc5 d4 25. Qd2 Qxc5 26. Rxc4 Qxc4 27.
Qg5 Kf8 28. e6 1-0

[Event "SF Brackel 3 - SV Bochum-Linden 1"]
[Site "?"]
[Date "2017.12.03"]
[Round "4.1"]
[White "Hahn, Matthias"]
[Black "Stemmler, Fabian"]
[Result "1/2-1/2"]
[WhiteElo "2065"]
[BlackElo "1993"]
[PlyCount "59"]

1. d4 Nf6 2. c4 e6 3. Nc3 d5 4. Bg5 Be7 5. e3 O-O 6. Nf3 Nbd7 7. Bd3 dxc4 8.
Bxc4 a6 9. a4 c5 10. O-O cxd4 11. exd4 Nb6 12. Bd3 Nbd5 13. Ne5 Bd7 14. Qf3 Nb4
15. Bb1 Bc6 16. Qh3 g6 17. Re1 Nh5 18. Bh6 Ng7 19. Ne4 Qxd4 20. Nxc6 bxc6 21.
Qc3 Rfd8 22. Qxd4 Rxd4 23. Be3 Rdd8 24. Rc1 Nf5 25. Bb6 Rdb8 26. a5 Nd5 27.
Rxc6 Nxb6 28. Rxb6 Rxb6 29. axb6 a5 30. Bd3 {(=)} 1/2-1/2

[Event "SF Brackel 3 - SV Bochum-Linden 1"]
[Site "?"]
[Date "2017.12.03"]
[Round "4.2"]
[White "Knudsen, Simon"]
[Black "Böhm, Ingo"]
[Result "1-0"]
[WhiteElo "2059"]
[BlackElo "2066"]
[PlyCount "95"]

1. e4 g6 2. d4 d6 3. Nc3 Bg7 4. f4 c6 5. Nf3 Bg4 6. Be3 Qb6 7. Qd2 Bxf3 8. gxf3
Nd7 9. O-O-O Qa5 10. Kb1 b5 11. Rg1 Nb6 12. Qe1 Nc4 13. Bc1 Rb8 14. h4 c5 15.
dxc5 Na3+ 16. bxa3 Bxc3 17. Qe3 b4 18. a4 Qxa4 19. Bc4 Qc6 20. h5 Qxc5 21. Qxc5
dxc5 22. Rg5 Nf6 23. Rxc5 Nxh5 24. Rc7 O-O 25. Rxe7 a5 26. Rdd7 Rbd8 27. Bxf7+
Kh8 28. Ra7 Rd1 29. Bc4 Ng7 30. e5 Bd2 31. Rxg7 Rxc1+ 32. Kb2 Rh1 33. Kb3 Bxf4
34. e6 Bd6 35. Rgd7 Rxf3+ 36. Ka4 Rh5 37. Bb3 Bc5 38. Ra8+ Rf8 39. Rxf8+ Bxf8
40. e7 Bxe7 41. Rxe7 Rh1 42. Kxa5 h5 43. Bf7 Rg1 44. Kxb4 h4 45. a4 g5 46. a5
h3 47. a6 h2 48. Bd5 1-0

[Event "SF Brackel 3 - SV Bochum-Linden 1"]
[Site "?"]
[Date "2017.12.03"]
[Round "4.3"]
[White "Schreck, Roland"]
[Black "Gerlach, Felix"]
[Result "1-0"]
[WhiteElo "2111"]
[BlackElo "1940"]
[PlyCount "85"]

1. c4 Nf6 2. g3 e6 3. Bg2 d5 4. Nf3 Be7 5. O-O O-O 6. b3 c5 7. e3 d4 8. exd4
cxd4 9. d3 Nc6 10. a3 a5 11. Re1 Nd7 12. Nbd2 h6 13. Rb1 Qc7 14. Qe2 Re8 15. h3
Nc5 16. Bb2 e5 17. g4 Bd7 18. Bc1 Bf8 19. Nh4 Be7 20. Nhf3 Bf8 21. Ne4 Ra6 22.
Nh4 Rb6 23. Nxc5 Bxc5 24. Be4 Nd8 25. Bd2 Rf6 26. b4 axb4 27. axb4 Bf8 28. g5
Ra6 29. gxh6 g6 30. Qf3 Bc6 31. b5 Bxe4 32. Rxe4 Rae6 33. Qg3 Kh7 34. Rxd4 f5
35. Rd5 Be7 36. Nxf5 Bf6 37. Ne3 Qe7 38. Bb4 Qf7 39. Ng4 Bh8 40. Re1 b6 41.
Nxe5 Qf6 42. Rd7+ Kg8 43. h7# 1-0

[Event "SF Brackel 3 - SV Bochum-Linden 1"]
[Site "?"]
[Date "2017.12.03"]
[Round "4.4"]
[White "Garbuz, Vitaliy"]
[Black "Schaper, Steffen"]
[Result "1/2-1/2"]
[WhiteElo "1977"]
[BlackElo "1972"]
[PlyCount "66"]

1. e4 c5 2. d4 cxd4 3. c3 d3 4. Bxd3 Nc6 5. c4 d6 6. Nc3 g6 7. h3 Bg7 8. Nf3
Nf6 9. Be3 Nd7 10. O-O O-O 11. Rc1 Nde5 12. Nxe5 dxe5 13. Qd2 Nd4 14. Ne2 Qc7
15. Nxd4 exd4 16. Bh6 e5 17. Bxg7 Kxg7 18. f4 f6 19. fxe5 fxe5 20. Rxf8 Kxf8
21. Qg5 Qe7 22. Rf1+ Ke8 23. Qh6 Be6 24. h4 Kd7 25. Rf3 Bg4 26. Rf2 Rc8 27. b3
a6 28. Qd2 Rf8 29. Rxf8 Qxf8 30. Qa5 Qf4 31. Qe1 b6 32. b4 Kc6 33. Qf2 Qxf2+ {
(=)} 1/2-1/2

[Event "SF Brackel 3 - SV Bochum-Linden 1"]
[Site "?"]
[Date "2017.12.03"]
[Round "4.5"]
[White "Schmidt, Ralph"]
[Black "Elier, Ali"]
[Result "0-1"]
[WhiteElo "1912"]
[BlackElo "1885"]
[PlyCount "46"]

1. e4 e5 2. Nf3 Nc6 3. Bc4 Nf6 4. Ng5 Bc5 5. d4 Bxd4 6. Nxf7 Bxf2+ 7. Kf1 Qe7
8. Nxh8 d5 9. exd5 Nd4 10. Be2 Bh4 11. Bh5+ g6 12. Bxg6+ hxg6 13. c3 Bg4 14.
Qa4+ Nd7 15. Nxg6 Qf6+ 16. Nf4 Be2+ 17. Kg1 Nf3+ 18. gxf3 Qg5+ 19. Ng2 Qxc1+
20. Ne1 Qxe1+ 21. Kg2 Qf2+ 22. Kh3 Qxf3+ 23. Kxh4 Ke7 0-1

[Event "SF Brackel 3 - SV Bochum-Linden 1"]
[Site "?"]
[Date "2017.12.03"]
[Round "4.6"]
[White "Seref, Erdogan"]
[Black "Marx, Henning"]
[Result "1/2-1/2"]
[WhiteElo "1828"]
[BlackElo "1955"]
[PlyCount "69"]

1. e4 d5 2. exd5 Qxd5 3. Nc3 Qa5 4. d4 Nf6 5. Nf3 Bf5 6. Bd2 c6 7. Bc4 e6 8.
O-O Qc7 9. Ne2 Bd6 10. Ng3 Bg6 11. Re1 Nbd7 12. c3 O-O 13. Bg5 Rfe8 14. Qe2 Bf4
15. Bxf4 Qxf4 16. Rad1 Rad8 17. h3 Nh5 18. Ne4 Ndf6 19. Nc5 Qc7 20. Ne5 Nf4 21.
Qd2 N4d5 22. a4 b6 23. Ncd3 Nd7 24. Nxd7 Rxd7 25. Ne5 Rdd8 26. Qe2 Rd6 27. Rd2
Red8 28. Qf3 c5 29. Red1 Nf6 30. Nxg6 hxg6 31. Qe3 cxd4 32. Rxd4 Rxd4 33. Rxd4
Rxd4 34. Qxd4 Nh5 35. b3 {(=)} 1/2-1/2

[Event "SF Brackel 3 - SV Bochum-Linden 1"]
[Site "?"]
[Date "2017.12.03"]
[Round "4.7"]
[White "Hochstein, Udo"]
[Black "Kantor, Nikita"]
[Result "1/2-1/2"]
[WhiteElo "1876"]
[BlackElo "1804"]
[PlyCount "40"]

1. d4 g6 2. c4 Bg7 3. Nc3 c5 4. e3 cxd4 5. exd4 Nf6 6. Nf3 d5 7. c5 Nc6 8. Be2
O-O 9. O-O b6 10. cxb6 Qxb6 11. Na4 Qc7 12. h3 Ne4 13. Nc3 Rd8 14. Bb5 f6 15.
Qa4 Nxc3 16. bxc3 Bb7 17. Be3 Na5 18. Rab1 Bc6 19. Bxc6 Nxc6 20. c4 Qd7 {(=)}
1/2-1/2

[Event "SF Brackel 3 - SV Bochum-Linden 1"]
[Site "?"]
[Date "2017.12.03"]
[Round "4.8"]
[White "Schäde, Maximilian"]
[Black "Pappert, Thomas"]
[Result "1-0"]
[WhiteElo "1805"]
[BlackElo "1750"]
[PlyCount "65"]

1. d4 Nf6 2. Bg5 d5 3. e3 g6 4. Bxf6 exf6 5. g3 Bg7 6. Bg2 O-O 7. Ne2 Be6 8.
O-O Qd7 9. Nbc3 c6 10. Re1 f5 11. a4 a5 12. Nf4 Na6 13. Nce2 Qd6 14. Qd2 Rfe8
15. Nd3 b6 16. c3 c5 17. dxc5 Nxc5 18. Nxc5 bxc5 19. c4 Rab8 20. cxd5 Rxb2 21.
Qxa5 Rxe2 22. Rxe2 Bxa1 23. dxe6 fxe6 24. Rd2 Qe5 25. Rd7 c4 26. Qc7 Qxc7 27.
Rxc7 c3 28. a5 e5 29. Bd5+ Kh8 30. a6 Rd8 31. Bb3 f4 32. a7 f3 33. Bd5 1-0

[Event "SC Buer-Hassel 1 - SG Mengede 1"]
[Site "Verbandsklasse, Gruppe 3 2017"]
[Date "2017.12.03"]
[Round "4.1"]
[White "Borgschulze, Maik"]
[Black "Griebl, Joern"]
[Result "1-0"]
[WhiteElo "2144"]
[BlackElo "2195"]
[PlyCount "43"]
[EventDate "2017.??.??"]

1. d4 Nf6 2. c4 e6 3. Nc3 Bb4 4. e3 c5 5. Bd3 Nc6 6. Nge2 d5 7. cxd5 exd5 8. a3
Bxc3+ 9. bxc3 c4 10. Bc2 O-O 11. O-O Re8 12. f3 b5 13. Ng3 a5 14. e4 Be6 15. e5
Nd7 16. f4 Nf8 17. f5 Bc8 18. f6 g6 19. Qd2 Ne6 20. Qh6 Kh8 21. Rf4 Rg8 22.
Qxh7+ 1-0

[Event "SC Buer-Hassel 1 - SG Mengede 1"]
[Site "Verbandsklasse, Gruppe 3 2017"]
[Date "2017.12.03"]
[Round "4.2"]
[White "Wolff, Christoph"]
[Black "Pauling, Markus"]
[Result "0-1"]
[WhiteElo "1963"]
[BlackElo "2141"]
[PlyCount "104"]
[EventDate "2017.??.??"]

1. e4 c6 2. Nc3 d5 3. Nf3 dxe4 4. Nxe4 Nf6 5. Nxf6+ exf6 6. d4 Bd6 7. Bd3 O-O
8. O-O Re8 9. h3 Nd7 10. c4 Nf8 11. Qc2 Qc7 12. Bd2 Bf4 13. Rae1 Be6 14. Bxf4
Qxf4 15. Re4 Qd6 16. Rfe1 a6 17. Nh4 g6 18. Qc3 f5 19. Re5 Red8 20. Nf3 b5 21.
d5 cxd5 22. c5 d4 23. Qc2 Qc7 24. b4 Bd5 25. Re7 Qf4 26. Qd2 Qxd2 27. Nxd2 Bxa2
28. Ra1 Bd5 29. Re5 Ne6 30. Ra5 Nc7 31. f4 Re8 32. Nf3 Bxf3 33. gxf3 f6 34. Re2
Rxe2 35. Bxe2 Re8 36. Kf2 Re3 37. Bd1 Kf7 38. Ra2 Ke6 39. Rb2 Nd5 40. Rd2 Nxb4
41. Rxd4 Rd3 42. Rxb4 Rxd1 43. Rb2 Rd4 44. Ra2 Ra4 45. Rd2 a5 46. Rd6+ Ke7 47.
Rb6 Rb4 48. Ke3 a4 49. Rb7+ Kd8 50. c6 a3 51. Rd7+ Kc8 52. Rd2 Rc4 0-1

[Event "SC Buer-Hassel 1 - SG Mengede 1"]
[Site "Verbandsklasse, Gruppe 3 2017"]
[Date "2017.12.03"]
[Round "4.3"]
[White "Delvos, Thorsten"]
[Black "Wiechen, Ulrich"]
[Result "1/2-1/2"]
[WhiteElo "1971"]
[BlackElo "1934"]
[PlyCount "85"]
[EventDate "2017.??.??"]

1. c4 Nf6 2. g3 e5 3. Bg2 Bc5 4. Nc3 d6 5. e3 O-O 6. Nge2 Bf5 7. Bxb7 Nbd7 8.
O-O Bh3 9. d4 Bxf1 10. Qxf1 Bb4 11. Bxa8 Qxa8 12. Qg2 c6 13. d5 cxd5 14. cxd5
Qc8 15. a3 Bxc3 16. Nxc3 Nc5 17. Bd2 e4 18. Rd1 Re8 19. Qf1 Qf5 20. Nb5 Rd8 21.
Nxa7 Nd3 22. Nc6 Re8 23. Nd4 Qh5 24. h3 Nxb2 25. Rb1 Nd3 26. Bb4 Qxd5 27. Ne2
g5 28. Rd1 Nd7 29. Nc3 Qe6 30. Nxe4 Nxb4 31. Nxd6 Rb8 32. axb4 Rxb4 33. Qd3 Ne5
34. Qf5 h6 35. Qxe6 fxe6 36. Kg2 Kf8 37. Rd4 Rb2 38. Ne4 Ke7 39. Rd2 Rb4 40.
Nc3 h5 41. Ne2 g4 42. hxg4 hxg4 43. Nd4 1/2-1/2

[Event "SC Buer-Hassel 1 - SG Mengede 1"]
[Site "Verbandsklasse, Gruppe 3 2017"]
[Date "2017.12.03"]
[Round "4.4"]
[White "Hirschberg, Markus"]
[Black "Weinert, Christian"]
[Result "1/2-1/2"]
[WhiteElo "1797"]
[BlackElo "1959"]
[PlyCount "33"]
[EventDate "2017.??.??"]

1. e4 e6 2. d4 d5 3. Nc3 dxe4 4. Nxe4 Bd7 5. Nf3 Bc6 6. Bd3 Nd7 7. c3 Ngf6 8.
Bg5 Be7 9. Ned2 Nd5 10. Bxe7 Qxe7 11. g3 O-O-O 12. Qc2 g6 13. b4 N5f6 14. O-O-O
Ng4 15. b5 Bd5 16. Rhf1 e5 17. h3 1/2-1/2